000 00610nam a2200217Ia 4500
005 20260429111930.0
008 260429s9999||||xx |||||||||||||| ||und||
020 _a9781644294444
041 _aEnglish
082 _a330.954
_bRAO
100 _aRao, C. B.
245 0 _aIndia's economic resurgence :
_ba modified paradigm for a welfare state /
_cC. B. Rao
250 _a1st ed.
260 _aChennai :
_bNotion Press,
_c2018.
300 _axxv, 497 p.; pbk
650 _a Economic development
650 _a Public policy
650 _a Welfare economics
650 _aEconomics-India
942 _cTB
999 _c51494
_d51494